00827 a2200133 4500001000700000020001800007040003200025100002100057245002200078260001600100300003200116362000900148520053600157125434 a9788573403787 cEscola Canadense de Niteroi aQueiroz, Rachel 10aO Menino Mágico aSão Paulo a92 p.bil.c0 x 26 x 0.6 cm0 a2006 aDaniel era um menino diferente - com uma imaginação fértil e seus poderes mágicos, ele conseguia viajar durante o sono para os mais incríveis lugares e fazer coisas que um menino normal nem sonharia. Por causa da inteligência incomum de seu primo - e melhor amigo - Jorge, um dia os dois inventam de ir sozinhos a um programa de TV, com a intenção de conseguir um prêmio. Só que eles não imaginavam que aquelas mágicas e mentirinhas inocentes pudessem arrumar tanta confusão... E isso era só o começo!